000 00717nam a2200205 a 4500
001 000034648
005 20200930073821.0
008 111012s2009 sp 000 0 spa d
020 _a9788477203711
040 _aDO-SdBNP
_bspa
_cBNPHU
082 _axxxx
_bC614h
100 1 _aClason, George S.
_960083
245 1 3 _aEl hombre más rico de Babilonia . :
_blos secretos del éxito de los antiguos /
_cGeorge S. Clason; traducción José Luis Sánchez.
250 _a31a ed.
260 _aBarcelona :
_bEdiciones Obelisco,
_c2009.
300 _a159 p. ;
_c22 cm.
490 1 _aÉxito
500 _aA la cabeza de la cubierta, cómo alcanzar el éxito y solucionar sus problemas financieros
830 0 _aÉxito
_960084
999 _c34139
_d34139